Fire force (Record no. 43520)

MARC details
000 -LEADER
fixed length control field 00502nam a2200157 a 4500
008 - FIXED-LENGTH DATA ELEMENTS--GENERAL INFORMATION
fixed length control field 160818s2010 ||||||||||||||||| || u
020 ## - INTERNATIONAL STANDARD BOOK NUMBER
International Standard Book Number 9780755344987
050 ## - LIBRARY OF CONGRESS CALL NUMBER
Classification number PR 6112.Y55F55
100 ## - MAIN ENTRY--PERSONAL NAME
Personal name Lynn, Matt
245 10 - TITLE STATEMENT
Title Fire force
Statement of responsibility, etc. By Matt Lynn
260 ## - PUBLICATION, DISTRIBUTION, ETC.
Place of publication, distribution, etc. London
Name of publisher, distributor, etc. Headline
Date of publication, distribution, etc. 2010
300 ## - PHYSICAL DESCRIPTION
Extent 496 p.
350 ## - PRICE (NR) (BK AM CF MU VM SE) [OBSOLETE]
Price 13.44
650 ## - SUBJECT ADDED ENTRY--TOPICAL TERM
Topical term or geographic name entry element ENGLISH LANGUAGE
995 ## - RECOMMENDATION 995 [LOCAL, UNIMARC FRANCE]
-- CBU-MAIN LIBRARY (Kitwe)
-- 13.44
-- 1
-- AVAILABLE
-- Oct 19, 2016
-- Fiction Collection
Holdings
Withdrawn status Lost status Source of classification or shelving scheme Damaged status Not for loan Home library Current library Shelving location Date acquired Total Checkouts Full call number Barcode Date due Date last seen Date last checked out Price effective from Koha item type
          CBU-MAIN LIBRARY, KITWE. CBU-MAIN LIBRARY, KITWE.   11/30/2022 1 PR 6112.Y55F55 746833 08/14/2026 06/12/2026 06/12/2026 11/30/2022 MONOGRAPH